书目信息 |
| 题名: |
上善若水
|
|
| 作者: | 朱照宏 , 曲乐 编著 | |
| 分册: | ||
| 出版信息: | 北京 人民交通出版社 2007.01 |
|
| 页数: | 500页, [31] 页图版 | |
| 开本: | 23cm | |
| 丛书名: | 公路行业名师文丛 | |
| 单 册: | ||
| 中图分类: | U41-53 | |
| 科图分类: | ||
| 主题词: | 道路工程--dao lu gong cheng--文集 | |
| 电子资源: | ||
| ISBN: | 978-7-114-05135-7 | |
| 000 | 01070nam 2200277 450 | |
| 001 | 012007733515 | |
| 005 | 20071010101439.50 | |
| 010 | @a978-7-114-05135-7@dCNY108.00 | |
| 100 | @a20070325d2007 km y0chiy0120 ea | |
| 101 | 0 | @achi |
| 102 | @aCN@b110000 | |
| 105 | @aacf a 000yy | |
| 200 | 1 | @a上善若水@Ashang shan ruo shui@e庆祝朱照宏教授八十华诞纪念文集@f朱照宏, 曲乐编著@Fzhu zhao hong,qu yue bian zhu |
| 210 | @a北京@c人民交通出版社@d2007.01 | |
| 215 | @a500页, [31] 页图版@c图, 肖像@d23cm | |
| 225 | 2 | @a公路行业名师文丛@Agong lu hang ye ming shi wen cong |
| 320 | @a有书目。 | |
| 330 | @a本书是朱照宏教授及其学生的论文集,共分路面力学计算和路面设计理论、道路路线技术标准和勘测设计、道路计算机辅助设计等。 | |
| 410 | 0 | @12001 @a公路行业名师文丛 |
| 517 | 1 | @a庆祝朱照宏教授八十华诞纪念文集@Aqing zhu zhu zhao hong jiao shou ba shi hua dan ji nian wen ji |
| 606 | 0 | @a道路工程@Adao lu gong cheng@j文集 |
| 690 | @aU41-53@v4 | |
| 701 | 0 | @a朱照宏@Azhu zhao hong@4编著 |
| 701 | 0 | @a曲乐@Aqu yue@4编著 |
| 801 | 0 | @aCN@c20071010 |
| 905 | @dU41-53@eZ892 | |
| 上善若水:庆祝朱照宏教授八十华诞纪念文集/朱照宏, 曲乐编著.-北京:人民交通出版社,2007.01 |
| 500页, [31] 页图版:图, 肖像;23cm.-(公路行业名师文丛) |
| ISBN 978-7-114-05135-7:CNY108.00 |
| 本书是朱照宏教授及其学生的论文集,共分路面力学计算和路面设计理论、道路路线技术标准和勘测设计、道路计算机辅助设计等。 |
| ● |
| 相关链接 |
|
|
|
正题名:上善若水
索取号:U41-53/Z892
 
预约/预借
| 序号 | 登录号 | 条形码 | 馆藏地/架位号 | 状态 | 备注 |
| 1 | 243200 | 202432000 | 自科库501/501自科库 51排1列3层/ [索取号:U41-53/Z892] | 在馆 |